Real Madryt czy FC Barcelona - Statystyki

Ogólne statystyki
  • Ten quiz został rozwiązany 161 razy
  • Średni wynik to 52 z 80
Statystyki odpowiedzi
Hint Odpowiedź % Poprawnych
Leo Messi FC Barcelona
88%
Gerard Pique FC Barcelona
88%
Ronaldinho FC Barcelona
87%
Neymar FC Barcelona
86%
Andres Iniesta FC Barcelona
85%
Xavi FC Barcelona
85%
Sergio Busquets FC Barcelona
85%
Marcelo Real Madryt
85%
Cristiano Ronaldo Real Madryt
84%
Dani Alves FC Barcelona
83%
Zinedine Zidane Real Madryt
83%
Luis Suarez (ur. 1987) FC Barcelona
82%
Victor Valdes FC Barcelona
82%
David Beckham Real Madryt
82%
Karim Benzema Real Madryt
82%
Roberto Carlos Real Madryt
82%
Toni Kroos Real Madryt
82%
Raphael Varane Real Madryt
82%
Carles Puyol FC Barcelona
81%
Sergio Ramos Real Madryt
81%
Pepe Real Madryt
81%
David Villa FC Barcelona
80%
Pep Guardiola FC Barcelona
80%
James Rodriguez Real Madryt
80%
Gareth Bale Real Madryt
79%
Johan Cruyff FC Barcelona
78%
Ronald Koeman FC Barcelona
78%
Javier Mascherano FC Barcelona
78%
Deco FC Barcelona
78%
Diego Maradona FC Barcelona
78%
Iker Casillas Real Madryt
78%
Angel Di Maria Real Madryt
78%
Eric Abidal FC Barcelona
76%
Luis Figo Oba
75%
Gonzalo Higuain Real Madryt
75%
Kaka Real Madryt
75%
Xabi Alonso Real Madryt
74%
Thierry Henry FC Barcelona
72%
Patrick Kluivert FC Barcelona
72%
Thiago Alcantara FC Barcelona
72%
Alfredo Di Stefano Real Madryt
72%
Raul Real Madryt
72%
Rivaldo FC Barcelona
71%
Emilio Butragueno Real Madryt
71%
Fernando Hierro Real Madryt
71%
Ferenc Puskas Real Madryt
68%
Romario FC Barcelona
67%
Cesc Fabregas FC Barcelona
67%
Fernando Morientes Real Madryt
65%
Christo Stoiczkow FC Barcelona
64%
Rafael Marquez FC Barcelona
64%
Frank de Boer FC Barcelona
64%
Guti Real Madryt
64%
Claude Makelele Real Madryt
64%
Steve McManaman Real Madryt
61%
Ruud van Nistelrooy Real Madryt
61%
Ronaldo Nazario Oba
55%
Luis Suarez (ur. 1935) FC Barcelona
53%
Fernando Redondo Real Madryt
53%
Gary Lineker FC Barcelona
52%
Francisco Gento Real Madryt
52%
Eidur Gudjohnsen FC Barcelona
49%
Davor Suker Real Madryt
49%
Giovanni van Bronckhorst FC Barcelona
48%
Predrag Mijatovic Real Madryt
47%
Hugo Sanchez Real Madryt
47%
Phillip Cocu FC Barcelona
45%
Clarence Seedorf Real Madryt
45%
Ivan Zamorano Real Madryt
45%
Andoni Zubizarreta FC Barcelona
43%
Raymond Kopa Real Madryt
42%
Santillana Real Madryt
40%
Johan Neeskens FC Barcelona
39%
Sandor Kocsis FC Barcelona
31%
Luis Enrique Oba
22%
Michael Laudrup Oba
22%
Javier Saviola Oba
20%
Bernd Schuster Oba
17%
Gheorghe Hagi Oba
15%
Robert Prosinecki Oba
11%
Nie znaleziono quizów pasujących do podanych kryteriów
Rozkład punktacji
Procent ludzi z każdym wynikiem
Percentyl według liczby udzielonych odpowiedzi
Twoja historia wyników
Nie rozwiązałeś tego quizu